• 首页
  • 本馆介绍
  • 公告通知
  • 最新文献
  • 馆藏检索
  • 电子资源
  • 读者导购
  • 参考咨询
  • 我的图书馆
  • 登录
  • 详细信息显示
  • 放入我的书架
  • 预约/预借图书
  • 作者相关作品
  • 分类相关作品
  • 丛书相关作品
  • 出版社相关作品

书目信息

  • 表格格式
  • 工作单格式
  • 卡片格式
题名:
赵炳南临床经验集
    
 
作者: ;北京中医医院 编
分册:  
出版信息: 北京   人民卫生出版社  1975
页数: 368页
开本: 20cm
丛书名:
单 册:
中图分类: R249.7
科图分类:
主题词: 医案,个人--当代
电子资源:
ISBN:
000 00613nam0 2200217 45
001 0175003881
005 20060815085321.95
010    @dCNY0.88
100    @a19951011d1975 em y0chiy0121 ea
101 0  @achi
102    @aCN@b110000
105    @ay z 000yy
200 10 @a赵炳南临床经验集@Azhao bing nan lin chuang jing yan ji@f北京中医医院编
210    @a北京@c人民卫生出版社@d1975
215    @a368页@d20cm
606    @a医案,个人@z当代
690    @aR249.7@v3
711 02 @a北京中医医院@Abei jing zhong yi yi yuan@4编
801  0 @aCN@bTSSF@c20060815
801  2 @aCN@bNLC@c20060803
905    @a10447@dR249.7@e140
    
    赵炳南临床经验集/北京中医医院编.-北京:人民卫生出版社,1975
    368页;20cm
    
    
    ISBN :CNY0.88
    
●
相关链接 在E读中查询图书 在五车中查询图书 在当当中查询图书 在豆瓣中查询图书


正题名:赵炳南临床经验集     索取号:R249.7/140         预约/预借

序号 登录号 条形码 馆藏地/架位号 状态 备注
1 0439597   204395975   密集书库/ [索取号:R249.7/140] 在馆    
2 0458363   204583637   密集书库/ [索取号:R249.7/140] 在馆    
3 0458364   204583646   密集书库/ [索取号:R249.7/140] 在馆    
唐山师范学院图书馆 欢迎您!
大连网信软件有限公司© 版权所有